|
|
|
|
| LEADER |
00946nam a22002417a 4500 |
| 001 |
37586 |
| 003 |
BD-DhAAL |
| 008 |
211212t2021 bg ||||| b||| 00| 0 eng d |
| 999 |
|
|
|c 43352
|d 43352
|
| 020 |
|
|
|a 9789849513285
|
| 040 |
|
|
|a BD-DhAAL
|
| 082 |
|
|
|a 155.33
|2 23
|
| 100 |
|
|
|a Begum, Hamida Akhtar
|9 43553
|
| 245 |
|
|
|a Psychology of gender roles and relations /
|c Hamida Akhtar Begum
|
| 260 |
|
|
|a Dhaka :
|b Banglaprokash,
|c c2021
|
| 300 |
|
|
|a 164 pages ;
|c 22 cm.
|
| 504 |
|
|
|a Includes bibliographical references (page 160).
|
| 541 |
|
|
|a Complimentary copy from Hamida Akhtar Begum
|e 37586
|
| 650 |
|
|
|a Sex differences (Psychology).
|9 43554
|
| 650 |
|
|
|a Psychology.
|9 43555
|
| 852 |
|
|
|a Ayesha Abed Library
|c General Stacks
|
| 942 |
|
|
|2 ddc
|c BK
|
| 952 |
|
|
|0 0
|1 0
|2 ddc
|4 0
|6 155_330000000000000_BEG
|7 0
|9 69546
|a BRACUL
|b BRACUL
|c GEN
|d 2021-12-12
|e Complimentary copy from Hamida Akhtar Begum
|l 3
|m 5
|o 155.33 BEG
|p 3010037586
|r 2022-11-14
|s 2022-10-17
|t 1
|w 2021-12-12
|y BK
|